[Event "Titled Tue 1st Jul Early"]
[Site "chess.com INT"]
[Date "2025.07.01"]
[Round "3"]
[White "Galchenko, Matvey"]
[Black "Agibileg, Uurtsaikh"]
[Result "1-0"]
[WhiteTitle "IM"]
[BlackTitle "IM"]
[WhiteElo "2435"]
[BlackElo "2380"]
[WhiteFideId "24175480"]
[BlackFideId "4901606"]
[EventDate "2025.07.01"]

1. e4 c5 2. c3 e6 3. d4 cxd4 4. cxd4 Nf6 5. Nc3 d5 6. e5 Ne4 7. Bd3 Nc6 8. Nf3
f5 9. exf6 Nxf6 10. O-O Bd6 11. Re1 O-O 12. Bg5 h6 13. Bh4 Bd7 14. Rc1 Qb6 15.
Na4 Qc7 16. Nc5 Ng4 17. h3 Bxc5 18. Rxc5 Rxf3 19. hxg4 Rff8 20. Bb1 Qf4 21. Qd3
Rf6 22. Bxf6 Qxf6 23. Qh7+ Kf7 24. Re3 Nxd4 25. Rc7 Ke7 26. Qd3 Rf8 27. f3 h5
28. Qa3+ Kd8 29. Qd6 Rf7 30. Rxb7 Nc6 31. Qc7+ Ke8 32. gxh5 Qd4 33. Rb3 Qd1+ 34.
Kh2 Qxb1 35. Rxe6+ Bxe6 36. Qxc6+ Bd7 37. Re3+ Kd8 38. Qa8+ Bc8 39. Qxd5+ Rd7
40. Qg8+ Kc7 41. Rc3+ Kb6 42. Qxc8 Qf5 43. Qc6+ Ka5 44. Rc5+ 1-0

[Event "Titled Tue 1st Jul Early"]
[Site "chess.com INT"]
[Date "2025.07.01"]
[Round "3"]
[White "Paravyan, David"]
[Black "Cori Quispe, Kevin Joel"]
[Result "0-1"]
[WhiteTitle "GM"]
[BlackTitle "GM"]
[WhiteElo "2589"]
[BlackElo "2461"]
[WhiteFideId "4194985"]
[BlackFideId "3814017"]
[EventDate "2025.07.01"]

1. Nf3 g6 2. d4 Bg7 3. c4 c5 4. d5 b5 5. cxb5 a6 6. bxa6 Nf6 7. a7 Rxa7 8. Nc3
O-O 9. e4 d6 10. Be2 Ba6 11. O-O Nbd7 12. a4 Qb8 13. Re1 Ng4 14. Bxa6 Rxa6 15.
Nb5 Nb6 16. h3 Ne5 17. Nxe5 Bxe5 18. Bh6 Re8 19. Ra2 Nxa4 20. Nxd6 exd6 21. Rxa4
Rb6 22. f4 Bxb2 23. e5 dxe5 24. Rae4 Bd4+ 25. Kh2 f5 26. R4e2 e4 27. Qa4 Rd8 28.
Ra2 Qd6 29. Qa7 c4 30. Ra6 c3 31. Rxb6 Qxb6 32. Qa2 Qd6 33. Rb1 Be3 34. Kh1 Qxd5
35. Qa4 Bd4 36. Bg5 Rd7 37. Rb8+ Kf7 38. Qb4 Bc5 39. Qxc3 Qd1+ 40. Kh2 Qg1+ 41.
Kg3 Qf2+ 42. Kh2 Qg1+ 43. Kg3 Bf2# 0-1

[Event "Titled Tue 1st Jul Early"]
[Site "chess.com INT"]
[Date "2025.07.01"]
[Round "3"]
[White "Mahdavi, Reza"]
[Black "Kislinsky, Alexey"]
[Result "1-0"]
[WhiteTitle "IM"]
[BlackTitle "GM"]
[WhiteElo "2454"]
[BlackElo "2341"]
[WhiteFideId "12595926"]
[BlackFideId "14108801"]
[EventDate "2025.07.01"]

1. e4 c6 2. d4 d5 3. e5 Bf5 4. Nf3 e6 5. Be2 Nd7 6. O-O a6 7. c3 h6 8. a4 c5 9.
Na3 Ne7 10. Nc2 Nc6 11. Bd3 Bxd3 12. Qxd3 Be7 13. Bd2 Rc8 14. Nfe1 O-O 15. Qg3
Kh7 16. Nf3 cxd4 17. cxd4 Qb6 18. Bc3 Nb4 19. Nfe1 Nxc2 20. Nxc2 Qb3 21. Ne3 Nb6
22. f4 g6 23. f5 gxf5 24. Nxf5 exf5 25. Rxf5 f6 26. Raf1 Nd7 27. Qd3 Qc4 28. Qb1
Kg7 29. e6 Nb8 30. R5f3 f5 31. Rg3+ Kh8 32. Rg6 Bg5 33. Rxf5 Qe2 34. h4 Qe4 35.
Qxe4 dxe4 36. d5+ Rxc3 37. Rxf8+ Kh7 38. bxc3 Kxg6 39. hxg5 hxg5 40. Rxb8 e3 41.
e7 e2 42. e8=Q+ Kf5 43. Qxe2 b5 44. Rf8+ Kg6 45. Qe6+ Kh5 46. Rh8# 1-0

[Event "Titled Tue 1st Jul Early"]
[Site "chess.com INT"]
[Date "2025.07.01"]
[Round "3"]
[White "Azizoglu, Ferzan"]
[Black "Otdelnov, Kirill"]
[Result "1-0"]
[BlackTitle "FM"]
[WhiteElo "2055"]
[BlackElo "2273"]
[WhiteFideId "6302726"]
[BlackFideId "24280216"]
[EventDate "2025.07.01"]

1. e4 c5 2. c3 Nf6 3. e5 Nd5 4. g3 d6 5. exd6 Qxd6 6. Bg2 Nf6 7. Nf3 Nc6 8. O-O
Bf5 9. d4 cxd4 10. cxd4 e6 11. Nc3 Be7 12. Ne5 Rc8 13. Nxc6 bxc6 14. Qa4 Qd7 15.
Bg5 O-O 16. Rac1 Rfd8 17. Rfd1 h6 18. Be3 Nd5 19. Ne4 Nxe3 20. fxe3 Bg4 21. Rd2
Qb7 22. Nc5 Qb6 23. b3 Bf6 24. Ne4 Be7 25. Rdc2 Bf5 26. Rxc6 Rxc6 27. Qxc6 Qb4
28. Qc3 Qa3 29. Rc2 a5 30. Bf3 Bb4 31. Qc7 Be7 32. Qc4 Rf8 33. Kg2 Rb8 34. Nc5
Qb4 35. Qxb4 axb4 36. Na6 Rb6 37. Nc7 Bf6 38. Na8 Rb7 39. Nc7 Rb8 40. Na6 Rb6
41. Nc5 1-0

[Event "Titled Tue 1st Jul Early"]
[Site "chess.com INT"]
[Date "2025.07.01"]
[Round "3"]
[White "Smirnov, Mark"]
[Black "Evdokimov, Alexey"]
[Result "1-0"]
[WhiteTitle "FM"]
[BlackTitle "FM"]
[WhiteElo "2352"]
[BlackElo "2205"]
[WhiteFideId "13764594"]
[BlackFideId "24162450"]
[EventDate "2025.07.01"]

1. Nc3 g6 2. e4 Bg7 3. d4 c5 4. Nf3 cxd4 5. Nxd4 Nc6 6. Be3 Qb6 7. Nb3 Qc7 8.
Nd5 Qd8 9. c3 Nf6 10. Nxf6+ Bxf6 11. Be2 O-O 12. O-O d6 13. Nd4 Bd7 14. Qd2 Qa5
15. a4 Rfc8 16. b4 Qd8 17. f4 Bg7 18. a5 Nxd4 19. cxd4 a6 20. Rac1 Bb5 21. Bxb5
axb5 22. Qd3 Qd7 23. d5 Bb2 24. Rc2 Bf6 25. Rfc1 Rxc2 26. Qxc2 h5 27. h3 Kf8 28.
Qc7 Ke8 29. Bb6 g5 30. Qxd7+ Kxd7 31. Rc7+ Ke8 32. fxg5 Bxg5 33. Rxb7 f6 34. Bf2
Rc8 35. h4 Bf4 36. g3 Rc1+ 37. Kg2 Be5 38. Rb8+ Kd7 39. a6 Ra1 40. a7 Bc3 41.
Bb6 Bxb4 42. Rd8# 1-0

[Event "Titled Tue 1st Jul Early"]
[Site "chess.com INT"]
[Date "2025.07.01"]
[Round "3"]
[White "Bashirli, Saadat"]
[Black "Pham, Le Thao Nguyen"]
[Result "1-0"]
[WhiteTitle "WCM"]
[BlackTitle "IM"]
[WhiteElo "2005"]
[BlackElo "2357"]
[WhiteFideId "13429990"]
[BlackFideId "12401226"]
[EventDate "2025.07.01"]

1. d4 d5 2. c4 c6 3. Nc3 Nf6 4. cxd5 cxd5 5. Bf4 Nc6 6. e3 a6 7. Qb3 Na5 8. Qa4+
Bd7 9. Qc2 Rc8 10. Bd3 e6 11. Nf3 Bb4 12. O-O O-O 13. Ne5 Bb5 14. a3 Bxc3 15.
bxc3 Bxd3 16. Qxd3 Ne4 17. Rac1 Nc4 18. f3 Ned6 19. e4 Nxa3 20. Qe2 Nab5 21. Qd3
Nc4 22. Ng4 Rc6 23. e5 Qe7 24. Bh6 f5 25. exf6 Rxf6 26. Bg5 Kh8 27. Rfe1 Qf7 28.
Bxf6 gxf6 29. Qe2 Nc7 30. f4 f5 31. Ne5 Nxe5 32. Qxe5+ Qg7 33. Qe2 Nb5 34. Qd3
Qf6 35. c4 dxc4 36. Rxc4 Rxc4 37. Qxc4 Qxd4+ 38. Qxd4+ Nxd4 39. Kf2 Kg7 40. Rd1
Nc6 41. Rd7+ Kg6 42. Rxb7 h6 43. Rb6 Nd4 44. Rxa6 Kf6 45. Rd6 Nb3 46. Ke3 Nc5
47. Rc6 Ne4 48. Rc8 Nc3 49. Rxc3 1-0

[Event "Titled Tue 1st Jul Early"]
[Site "chess.com INT"]
[Date "2025.07.01"]
[Round "3"]
[White "Paltrinieri, Nicholas"]
[Black "Lopez Rayo, Isabella"]
[Result "1-0"]
[WhiteTitle "FM"]
[BlackTitle "WFM"]
[WhiteElo "2359"]
[BlackElo "1998"]
[WhiteFideId "828262"]
[BlackFideId "4452755"]
[EventDate "2025.07.01"]

1. d4 d5 2. Bf4 Nf6 3. Nc3 c6 4. e3 Bf5 5. f3 e6 6. g4 Bg6 7. h4 h6 8. Bd3 Bxd3
9. Qxd3 Bd6 10. Nge2 Qe7 11. Bxd6 Qxd6 12. O-O-O Nbd7 13. g5 Ng8 14. e4 Ne7 15.
e5 Qc7 16. Ng3 O-O-O 17. f4 a6 18. Nce2 c5 19. Kb1 Nc6 20. c3 Kb8 21. Nh5 g6 22.
Nf6 Nxf6 23. gxf6 h5 24. dxc5 Na5 25. Nd4 Qxc5 26. Nb3 Nxb3 27. axb3 Qb6 28. b4
Rc8 29. Rhg1 Rc4 30. f5 gxf5 31. Rg7 Rf8 32. Qh3 Rg4 33. Rg5 Rh8 34. Rd3 Qc7 35.
Re3 Qc4 36. Kc2 Rxh4 37. Qg2 Rg4 38. Rg3 Rxg3 39. Qxg3 Qe4+ 40. Kb3 Ka7 41. Rg8
h4 42. Qg1+ d4 43. Rxh8 Qd5+ 44. Ka3 1-0

[Event "Titled Tue 1st Jul Early"]
[Site "chess.com INT"]
[Date "2025.07.01"]
[Round "3"]
[White "Nifdaliyev, Jahangir"]
[Black "Arakelyan, Manvel"]
[Result "1-0"]
[WhiteTitle "FM"]
[BlackTitle "FM"]
[WhiteElo "2312"]
[BlackElo "2326"]
[WhiteFideId "13407740"]
[BlackFideId "13317415"]
[EventDate "2025.07.01"]

1. d4 e6 2. c4 b6 3. Nf3 Bb7 4. g3 Bb4+ 5. Nbd2 f5 6. Bg2 Nf6 7. O-O Bxd2 8.
Bxd2 O-O 9. Bg5 d6 10. Rc1 Nbd7 11. b4 a5 12. a3 axb4 13. axb4 Qe8 14. Qb3 Ne4
15. Bf4 Kh8 16. Ng5 Ndf6 17. c5 Bd5 18. Qc2 Ra2 19. Qb1 Rxe2 20. cxd6 cxd6 21.
Nxe4 Nxe4 22. Rc7 Qa8 23. Qd1 Ra2 24. Bxe4 Bxe4 25. Bxd6 Rc8 26. Rxg7 Kxg7 27.
Qh5 Rg8 28. Qg5+ Kf7 29. Qe7+ Kg6 30. Qxe6+ Kh5 31. h3 Rxg3+ 32. Bxg3 Qf8 33.
Qxa2 f4 34. Qe6 Bf5 35. Qe5 fxg3 36. fxg3 Kg6 37. Rxf5 Qxf5 38. Qxf5+ Kxf5 39.
Kf2 Ke4 40. Kg2 Kxd4 41. g4 Kc4 42. h4 Kxb4 43. g5 Kc5 44. h5 Kd6 45. g6 hxg6
46. h6 1-0

[Event "Titled Tue 1st Jul Early"]
[Site "chess.com INT"]
[Date "2025.07.01"]
[Round "3"]
[White "Zeliantsova, Kseniya"]
[Black "Zhakshylykov, Erzhan"]
[Result "1-0"]
[WhiteTitle "WFM"]
[BlackTitle "IM"]
[WhiteElo "2062"]
[BlackElo "2362"]
[WhiteFideId "13512617"]
[BlackFideId "13804111"]
[EventDate "2025.07.01"]

1. e4 c6 2. d4 d5 3. e5 Bf5 4. h4 Qb6 5. Bd3 Qxd4 6. Nf3 Qg4 7. Bxf5 Qxf5 8. O-O
e6 9. Re1 h5 10. c4 Nd7 11. cxd5 cxd5 12. Nc3 a6 13. Be3 Bc5 14. Bxc5 Nxc5 15.
b4 Nd7 16. Qa4 Ne7 17. Rad1 Rc8 18. Ne2 Qc2 19. Qa3 Qc7 20. Nf4 g6 21. Nd4 O-O
22. Qg3 Kh7 23. Qg5 Ng8 24. Ndxe6 fxe6 25. Qxg6+ Kh8 26. Qxh5+ Kg7 27. Qg6+ Kh8
28. Nxe6 Nxe5 29. Qh5+ Qh7 30. Qxe5+ Rf6 31. Ng5 Qxh4 32. Nf3 Qg4 33. Rd4 Qg6
34. Rh4+ Kg7 35. Qxd5 Re8 36. Qd7+ Kf8 37. Rxe8+ Qxe8 38. Qd5 1-0

[Event "Titled Tue 1st Jul Early"]
[Site "chess.com INT"]
[Date "2025.07.01"]
[Round "3"]
[White "Causo, Deniel"]
[Black "Naroditsky, Daniel"]
[Result "0-1"]
[WhiteTitle "FM"]
[BlackTitle "GM"]
[WhiteElo "2224"]
[BlackElo "2619"]
[WhiteFideId "5203660"]
[BlackFideId "2026961"]
[EventDate "2025.07.01"]

1. e4 Nf6 2. e5 Nd5 3. c4 Nb6 4. c5 Nd5 5. Nc3 e6 6. Bc4 d6 7. cxd6 cxd6 8. Nxd5
exd5 9. Bxd5 dxe5 10. Qb3 Qc7 11. Nf3 Nc6 12. O-O Bf5 13. d4 e4 14. Nh4 Bg6 15.
Re1 O-O-O 16. Bxc6 bxc6 17. g3 Rxd4 18. Be3 Rd3 19. Qc4 f5 20. Rac1 Kb7 21. Qa4
c5 22. b4 Qc6 23. b5 Qb6 24. Qc4 Be7 25. Ng2 Rf8 26. Nf4 Bf7 27. Qc2 Rd7 28. a4
g5 29. a5 Qxa5 30. Ra1 Qb6 31. Ra6 Qxb5 32. Rb1 Kxa6 33. Rxb5 Kxb5 34. Ne2 Rfd8
35. Nc3+ Kc6 36. Qa4+ Kb7 37. Qb5+ Ka8 38. Qc6+ Rb7 39. Kg2 Kb8 40. h4 Rb6 41.
Qa4 h6 42. hxg5 hxg5 43. Nb5 a6 44. Nc3 Kb7 45. Qa5 Bh5 46. g4 Bxg4 47. Qa2 Bf3+
48. Kg3 Bd6+ 49. Bf4 Bxf4+ 0-1

[Event "Titled Tue 1st Jul Early"]
[Site "chess.com INT"]
[Date "2025.07.01"]
[Round "3"]
[White "Palczert, Matyas"]
[Black "Matyassy, Lazar"]
[Result "1-0"]
[WhiteTitle "FM"]
[BlackTitle "FM"]
[WhiteElo "2396"]
[BlackElo "2251"]
[WhiteFideId "784958"]
[BlackFideId "17005167"]
[EventDate "2025.07.01"]

1. b3 a6 2. Bb2 h6 3. Nf3 d6 4. g3 e5 5. c4 f5 6. Bg2 Nf6 7. Nh4 g5 8. Ng6 Rg8
9. Nxf8 Rxf8 10. O-O f4 11. d4 Nbd7 12. e3 Qe7 13. dxe5 Nxe5 14. exf4 gxf4 15.
Re1 Bg4 16. f3 Bh5 17. gxf4 O-O-O 18. fxe5 dxe5 19. Qe2 e4 20. Qf2 Qd6 21. Ba3
Qe5 22. Bb2 Qd6 23. c5 Qc6 24. f4 Ng4 25. Qc2 Rxf4 26. Na3 Rf2 27. Qxe4 Rxg2+
28. Qxg2 Qxc5+ 29. Kh1 Nf2+ 30. Kg1 Nd3+ 31. Kh1 Nf2+ 32. Kg1 Nh3+ 33. Kh1 Nf4
34. Qe4 Nd3 35. Rf1 Kb8 36. Be5 Nf2+ 37. Rxf2 Qxf2 38. Bxc7+ Kxc7 39. Qe5+ Kc8
40. Rc1+ Kd7 41. Rc7# 1-0

[Event "Titled Tue 1st Jul Early"]
[Site "chess.com INT"]
[Date "2025.07.01"]
[Round "3"]
[White "Teterev, Vitaly"]
[Black "Vedant Rupeshbhai Varasada"]
[Result "1-0"]
[WhiteTitle "GM"]
[BlackTitle "CM"]
[WhiteElo "2248"]
[BlackElo "2044"]
[WhiteFideId "13501429"]
[BlackFideId "25156527"]
[EventDate "2025.07.01"]

1. e4 c5 2. Nf3 d6 3. Bc4 g6 4. d4 cxd4 5. Nxd4 Nf6 6. Nc3 Bg7 7. Bb3 O-O 8. O-O
Nc6 9. Nxc6 bxc6 10. Re1 Qc7 11. Bf4 e5 12. Bg5 Bb7 13. Qf3 Nd7 14. Be7 Nc5 15.
Bxf8 Rxf8 16. Rad1 Nxb3 17. axb3 f5 18. Qd3 Rf6 19. Qc4+ Qf7 20. Qxf7+ Kxf7 21.
Ra1 a6 22. Red1 Bf8 23. f3 Ke6 24. Na4 fxe4 25. fxe4 Rf4 26. Re1 h5 27. g3 Rf7
28. Rf1 Bh6 29. Rxf7 Kxf7 30. Kf2 Ke6 31. c4 Bf8 32. Ke3 d5 33. Rf1 Be7 34. Kd3
dxe4+ 35. Kxe4 c5+ 36. Kd3 e4+ 37. Ke3 Ke5 38. Rf7 Bg5+ 39. Ke2 Bc6 40. Rg7 Kf6
41. Ra7 Bd7 42. Rxa6+ Ke5 43. Nxc5 Bg4+ 44. Ke1 Kd4 45. Ne6+ Bxe6 46. Rxe6 1-0

[Event "Titled Tue 1st Jul Early"]
[Site "chess.com INT"]
[Date "2025.07.01"]
[Round "3"]
[White "Smirnov, Alexandr A."]
[Black "Yonal, Timur"]
[Result "1/2-1/2"]
[WhiteTitle "FM"]
[BlackTitle "FM"]
[WhiteElo "2136"]
[BlackElo "2090"]
[WhiteFideId "24104396"]
[BlackFideId "44115725"]
[EventDate "2025.07.01"]

1. e4 e5 2. Nf3 Nc6 3. Bc4 Nf6 4. d4 exd4 5. O-O Nxe4 6. Re1 d5 7. Bxd5 Qxd5 8.
Nc3 Qh5 9. Nxe4 Be6 10. Bg5 Bd6 11. Nxd6+ cxd6 12. Bf4 O-O-O 13. Nxd4 Qxd1 14.
Raxd1 Nxd4 15. Rxd4 Rd7 16. Rxd6 Rxd6 17. Bxd6 Rd8 18. Bf4 Rd5 19. f3 b5 20. Kf2
a5 21. b3 Rc5 22. Re2 Bf5 23. g4 Bg6 24. c3 Rxc3 25. Bd2 Rc2 26. Bxa5 Rxe2+ 27.
Kxe2 Bb1 28. a3 Ba2 29. Bc3 f6 30. b4 Kd7 31. Ke3 Ke6 32. Kd4 Bb3 33. Kc5 Ba4
34. f4 g6 35. h4 h5 36. f5+ Kf7 37. fxg6+ Kxg6 38. gxh5+ Kxh5 39. Bxf6 Kg6 40.
Bd8 Kh5 41. Be7 Kg6 42. Bd8 Kh5 43. Kc6 Kg6 44. Be7 Kh5 45. Bg5 Kg6 46. Kd5 Kh5
47. Ke6 Kg6 48. Ke5 Kh5 49. Kf6 Bc2 50. Ke5 Ba4 51. Be7 Bc2 52. Kd4 Ba4 53. Kc5
Kg6 54. Bg5 1/2-1/2

[Event "Titled Tue 1st Jul Early"]
[Site "chess.com INT"]
[Date "2025.07.01"]
[Round "3"]
[White "Starozhilov, Leonid"]
[Black "Garcia Almaguer, Juan Manuel"]
[Result "1-0"]
[WhiteTitle "FM"]
[BlackTitle "CM"]
[WhiteElo "2240"]
[BlackElo "2142"]
[WhiteFideId "14106752"]
[BlackFideId "5110491"]
[EventDate "2025.07.01"]

1. e4 e5 2. Nf3 Nc6 3. Nc3 Nf6 4. Bb5 Bb4 5. Bxc6 dxc6 6. d3 Bg4 7. h3 Bxf3 8.
Qxf3 Nd7 9. O-O Qf6 10. Qxf6 Nxf6 11. Ne2 O-O-O 12. f4 exf4 13. Bxf4 Nh5 14. Bg5
f6 15. Be3 Bd6 16. Rf3 g6 17. Raf1 Ng7 18. Bd4 Be5 19. c3 Ne6 20. Bxe5 fxe5 21.
b4 Rd7 22. Rf6 Re8 23. R1f3 b6 24. Kf2 c5 25. b5 Kb7 26. c4 a6 27. a4 axb5 28.
axb5 Nd4 29. Nxd4 Rxd4 30. Rf7 Red8 31. Ke2 R8d7 32. Rxd7 Rxd7 33. Rf6 Re7 34.
g4 Kc8 35. h4 Kd7 36. h5 gxh5 37. gxh5 Rg7 38. h6 Re7 39. Kf3 Ke8 40. Kg4 Rd7
41. Kf5 Rxd3 42. Rc6 Rh3 43. Rxc7 Rxh6 44. Kxe5 Kd8 45. Rb7 Kc8 46. Rg7 Rh5+ 47.
Kd6 Rh6+ 48. Kd5 Rh5+ 49. e5 Rh6 50. e6 Kb8 51. e7 Rh5+ 52. Kd6 Rh6+ 53. Kd7 1-0

[Event "Titled Tue 1st Jul Early"]
[Site "chess.com INT"]
[Date "2025.07.01"]
[Round "3"]
[White "Fronda, Jan Jodilyn"]
[Black "Burovic, Rijad"]
[Result "0-1"]
[WhiteTitle "WIM"]
[BlackTitle "IM"]
[WhiteElo "2115"]
[BlackElo "2420"]
[WhiteFideId "5204585"]
[BlackFideId "14407701"]
[EventDate "2025.07.01"]

1. e4 g6 2. d4 d6 3. Nc3 Bg7 4. Be3 a6 5. Qd2 b5 6. a3 Bb7 7. f3 Nd7 8. h4 h6 9.
Nge2 Rc8 10. g4 c5 11. Bg2 cxd4 12. Bxd4 Ne5 13. b3 Nf6 14. Bxe5 dxe5 15. O-O-O
Qc7 16. Kb2 O-O 17. g5 Rfd8 18. Qe3 hxg5 19. hxg5 Ne8 20. Bh3 e6 21. Rxd8 Rxd8
22. Rd1 Nd6 23. Bg4 a5 24. Rd3 Rc8 25. Qd2 Bf8 26. Nb1 Qc5 27. Rc3 Qb6 28. Rxc8
Bxc8 29. Nec3 Be7 30. f4 Qc5 31. Bf3 exf4 32. Qxf4 Bxg5 33. Qg3 Bf6 34. Be2 b4
35. axb4 axb4 36. Kc1 bxc3 37. Bd3 Be5 38. Qg2 Bb7 39. Qf1 Nxe4 40. Bxe4 Bxe4
41. Qd1 Bf4+ 42. Nd2 Bxd2+ 43. Kb1 Qa3 44. Qxd2 cxd2 45. b4 d1=Q# 0-1

[Event "Titled Tue 1st Jul Early"]
[Site "chess.com INT"]
[Date "2025.07.01"]
[Round "3"]
[White "Dyachuk, Artem"]
[Black "Movahed, Sina"]
[Result "0-1"]
[WhiteTitle "FM"]
[BlackTitle "GM"]
[WhiteElo "2305"]
[BlackElo "2558"]
[WhiteFideId "34107924"]
[BlackFideId "42520835"]
[EventDate "2025.07.01"]

1. e4 c5 2. Nf3 e6 3. d4 cxd4 4. Nxd4 Nc6 5. Nc3 Nf6 6. Ndb5 d6 7. Bf4 e5 8. Bg5
a6 9. Na3 b5 10. Nd5 Be7 11. Bxf6 Bxf6 12. c3 O-O 13. Nc2 Rb8 14. a4 bxa4 15.
Ncb4 Nxb4 16. cxb4 Be6 17. Rxa4 Bg5 18. Bxa6 Qd7 19. b5 f5 20. O-O Kh8 21. h4
Bd8 22. exf5 Rxf5 23. Ne3 Rf8 24. Qd2 Bb6 25. Nc4 Bc5 26. Na5 Rf6 27. b4 Bb6 28.
Raa1 Rbf8 29. Rac1 h6 30. Rc2 d5 31. Qe1 e4 32. Nb3 Rg6 33. Nc5 Qf7 34. Nxe6
Qxe6 35. Rc6 Qg4 36. Rxg6 Qxg6 37. Qe2 Qf7 38. Rd1 Bxf2+ 39. Kh1 Qf4 40. Qh5 Bb6
41. Qg5 hxg5 0-1

[Event "Titled Tue 1st Jul Early"]
[Site "chess.com INT"]
[Date "2025.07.01"]
[Round "3"]
[White "Chiang, Jacob"]
[Black "Rustemov, Alexander"]
[Result "1-0"]
[BlackTitle "GM"]
[WhiteElo "2032"]
[BlackElo "2525"]
[WhiteFideId "30962331"]
[BlackFideId "4119002"]
[EventDate "2025.07.01"]

1. c4 c5 2. Nf3 g6 3. d4 cxd4 4. Nxd4 Bg7 5. Nc3 Nc6 6. Nc2 Bxc3+ 7. bxc3 Qa5 8.
Bd2 Nf6 9. f3 d6 10. e4 O-O 11. Be2 Be6 12. Ne3 Ne5 13. f4 Nc6 14. Bd3 Qc7 15.
O-O Na5 16. Nd5 Bxd5 17. cxd5 Nc4 18. Rb1 b6 19. Rb4 Nxd2 20. Qxd2 Rac8 21. Rb3
Nd7 22. c4 Nc5 23. Rc3 e5 24. fxe5 dxe5 25. Bc2 Kg7 26. Rh3 f6 27. Qh6+ Kg8 28.
Rd1 Qg7 29. Qe3 Nb7 30. Bb3 Nd6 31. Rc1 Rc5 32. Rf3 Rf7 33. Qe2 Rfc7 34. Qf1 Rf7
35. Qd3 Kf8 36. Rcf1 Ke7 37. g4 f5 38. gxf5 gxf5+ 39. Rg3 Qf6 40. exf5 e4 41.
Qe2 Kd7 42. Kh1 Kc7 43. a4 a5 44. Bc2 Qe5 45. f6 Rxc4 46. Bb3 Rc3 47. Qa6 Rxg3
48. hxg3 Rxf6 49. Rc1+ Kd7 50. Qa7+ Ke8 51. Qb8+ Kf7 52. Rc7+ Kg6 53. Qg8+ Kh5
54. Rxh7+ Rh6 55. Bd1# 1-0

[Event "Titled Tue 1st Jul Early"]
[Site "chess.com INT"]
[Date "2025.07.01"]
[Round "3"]
[White "Sahin, Sarp"]
[Black "Jalving, August"]
[Result "0-1"]
[WhiteTitle "CM"]
[BlackTitle "FM"]
[WhiteElo "2187"]
[BlackElo "2320"]
[WhiteFideId "51605066"]
[BlackFideId "1471759"]
[EventDate "2025.07.01"]

1. c4 e5 2. e4 Nf6 3. Nc3 Nc6 4. Nf3 Bc5 5. a3 d6 6. b4 Bb6 7. Be2 Bg4 8. d3 h6
9. Be3 Bxf3 10. Bxf3 Bd4 11. Rc1 Nd7 12. O-O O-O 13. Ne2 Bb2 14. Rb1 Bxa3 15.
Qa4 Bxb4 16. Rxb4 Nxb4 17. Qxb4 b6 18. Ng3 a5 19. Qa3 Kh7 20. Nf5 Qf6 21. Bg4
Nc5 22. d4 Nxe4 23. Ng3 Ng5 24. h4 Ne6 25. Qd3+ g6 26. dxe5 dxe5 27. h5 Nf4 28.
Bxf4 exf4 29. hxg6+ fxg6 30. Ne4 Qd8 31. Qf3 Qe7 32. Rd1 Rad8 33. Re1 Rde8 34.
Qh3 Qg7 35. Ng5+ Kh8 36. Ne6 Qh7 37. Rd1 Rf7 38. Nd8 Rfe7 39. Nc6 Re1+ 40. Rxe1
Rxe1+ 41. Kh2 h5 42. Bf3 Qf7 43. Qc8+ Re8 44. Qh3 Kg7 45. Nd4 Qf6 46. Qd7+ Re7
47. Qd8 Qh4+ 48. Kg1 Re1# 0-1

[Event "Titled Tue 1st Jul Early"]
[Site "chess.com INT"]
[Date "2025.07.01"]
[Round "3"]
[White "Joseph Benher, Savio"]
[Black "Hari, Madhavan N B"]
[Result "1-0"]
[BlackTitle "IM"]
[WhiteElo "2143"]
[BlackElo "2365"]
[WhiteFideId "2629453"]
[BlackFideId "25054309"]
[EventDate "2025.07.01"]

1. e4 e6 2. d4 d5 3. Nc3 Be7 4. exd5 exd5 5. Nf3 Nf6 6. Bd3 O-O 7. O-O h6 8. Re1
c5 9. dxc5 Bxc5 10. Be3 Bxe3 11. Rxe3 Nc6 12. Re1 Bg4 13. h3 Bh5 14. g4 Bg6 15.
Bxg6 fxg6 16. Ne5 d4 17. Nb5 Qb6 18. Nxc6 Qxb5 19. Ne7+ Kf7 20. Qxd4 Rfe8 21. a4
Qa6 22. Nd5 Rad8 23. c4 Rxe1+ 24. Rxe1 Qxa4 25. Qe5 Nxd5 26. Qe6+ Kf8 27. cxd5
Qd7 28. Qxg6 Qxd5 29. Re3 Qf7 30. Qc2 Kg8 31. Kg2 Qd5+ 32. Qe4 Kf7 33. Qxd5+
Rxd5 34. Kf3 Rb5 35. b3 a5 36. Rc3 Rb4 37. Ke3 b5 38. f4 Ke6 39. h4 Kd5 40. h5
Re4+ 41. Kf3 Kd4 42. Rc7 Re3+ 43. Kf2 Rxb3 44. Rxg7 a4 45. g5 a3 46. gxh6 Rb2+
47. Kg3 Rb3+ 48. Kh2 Rb2+ 49. Rg2 a2 50. h7 Rxg2+ 51. Kxg2 Kc4 52. h8=Q b4 53.
Qa1 b3 54. Qb2 Kb4 55. h6 Ka4 56. h7 Kb4 57. h8=Q Ka4 58. Qhc3 Kb5 59. Qcxb3+
Ka6 60. Q2xa2# 1-0

[Event "Titled Tue 1st Jul Early"]
[Site "chess.com INT"]
[Date "2025.07.01"]
[Round "3"]
[White "Craciun, Sasha-Matei"]
[Black "Zaw, Ye Htut"]
[Result "1-0"]
[WhiteTitle "FM"]
[BlackTitle "CM"]
[WhiteElo "2320"]
[BlackElo "2074"]
[WhiteFideId "1281186"]
[BlackFideId "13013955"]
[EventDate "2025.07.01"]

1. e4 d5 2. exd5 Qxd5 3. Nf3 Nf6 4. d4 Nc6 5. Be2 Bg4 6. c4 Qh5 7. Nc3 O-O-O 8.
Be3 e5 9. d5 e4 10. Nd4 Ne5 11. Qa4 Bxe2 12. Ncxe2 Nd3+ 13. Kf1 Bc5 14. b4 Bxd4
15. Nxd4 Ng4 16. Qxa7 Nxe3+ 17. fxe3 Qh4 18. Qa8+ Kd7 19. Qa4+ Kc8 20. Qa8+ Kd7
21. Qa4+ Kc8 22. Qc2 Rd6 23. g3 Qh3+ 24. Kg1 Rf6 25. Qg2 Qh6 26. Qe2 Rf2 27.
Qg4+ f5 28. Nxf5 Qf6 29. Nd4+ Kb8 30. Qxe4 Rd2 31. Qf3 Qe5 32. Rf1 Re8 33. Ne6
c6 34. h4 cxd5 35. cxd5 Nxb4 36. e4 Qd6 37. Rh2 Qb6+ 38. Kh1 Rxh2+ 39. Kxh2 Nc2
40. Qf4+ Ka8 41. Rf3 Rc8 42. d6 Qa5 43. d7 Rb8 44. d8=Q Rxd8 45. Nxd8 Qxd8 46.
Qc1 Nb4 47. Qa3+ Na6 48. Rf8 Qxf8 49. Qxf8+ Ka7 50. Qxg7 1-0

[Event "Titled Tue 1st Jul Early"]
[Site "chess.com INT"]
[Date "2025.07.01"]
[Round "3"]
[White "Fedotov, Nikita2"]
[Black "Bernat, David"]
[Result "1-0"]
[WhiteTitle "FM"]
[WhiteElo "2278"]
[BlackElo "1917"]
[WhiteFideId "24161446"]
[BlackFideId "2099225"]
[EventDate "2025.07.01"]

1. e4 c5 2. Nf3 g6 3. c3 Bg7 4. d4 cxd4 5. cxd4 d5 6. e5 a6 7. h3 Nc6 8. Nc3 f6
9. Bf4 e6 10. exf6 Qxf6 11. Bg5 Qf8 12. Be2 Qb4 13. O-O Nxd4 14. Nxd4 Qxd4 15.
Qb3 Nf6 16. Be3 Qh4 17. Bc5 Bf8 18. Qa3 Bxc5 19. Qxc5 Nd7 20. Qd6 Qe7 21. Qf4
Qf7 22. Qh6 Qf8 23. Qe3 Qf7 24. Nxd5 O-O 25. Nc7 Rb8 26. Nxe6 b5 27. Nxf8 Nxf8
28. Bf3 Be6 29. b3 Re8 30. Qb6 Nd7 31. Qd6 Nf6 32. Rfe1 Kg7 33. Rac1 Bf5 34.
Rxe8 Qxe8 35. Rc7+ Nd7 36. Qd4+ Kh6 37. g4 Qe1+ 38. Kg2 Be6 39. Rxd7 Bxd7 40.
Qxd7 Qe5 41. Qd2+ Kg7 42. Qe3 Qf6 43. g5 Qf7 44. Qe5+ Kg8 45. Bd5 1-0